John Dos Passos

Saved in:
書目詳細資料
主要作者: Wrenn, John H (Author)
格式: 圖書
語言:英语
出版: Boston Twayne Publishers 1961
叢編:Twayne's United States Authors Series. TUSAS, 9
主題:
標簽: 添加標簽
沒有標簽, 成為第一個標記此記錄!

MARC

LEADER 00000nam a2200000 a 4500
001 UCQ2532
003 CL-VaPUC
008 980724e19610000US |||||||||||||||||eng|d
082 0 4 |a 813.09  |b WRE  |2 21 
100 0 |a Wrenn, John H  |e author  |9 416470 
245 1 0 |a John Dos Passos 
300 |a 208 p 
942 |c BK 
945 |d 19980724 00:00:00  |a crobeson 
260 |a Boston  |b Twayne Publishers  |c 1961 
600 0 |a Dos Passos, John   |9 371936 
650 7 |a NOVELA ESTADOUNIDENSE  |2 CL-VaPUC  |9 266286 
650 0 |a Literatura estadounidense  |9 317168 
650 0 |a Crítica e interpretación   |9 255042 
650 0 |a Crítica literaria   |9 269189 
583 |a last modification  |c 19980724 00:00:00  |k Rodrigo Vera 
490 0 |a Twayne's United States Authors Series. TUSAS, 9 
999 |c 273350  |d 273348 
952 |0 0  |1 0  |4 0  |6 813_090000000000000_WRE_1961  |7 0  |8 A  |9 308807  |a BIBEDU  |b BIBEDU  |d 2019-11-20  |i 1448625  |o 813.09 WRE 1961  |p 1448625  |r 2019-11-20  |w 2019-11-20  |y BK  |k LIT